Calculus and analytic geometry /
Guardado en:
| Autor Principal: | |
|---|---|
| Otros Autores: | |
| Formato: | Libro |
| Idioma: | English |
| Publicado: |
Englewood Cliffs, N.J. :
Prentice-Hall,
[1965]
|
| Edición: | 2nd ed. |
| Series: | Prentice-Hall mathematics series
|
| Materias: | |
| Etiquetas: |
Agregar Etiqueta
Sin Etiquetas, Sea el primero en etiquetar este registro!
|
| LEADER | 00751nam a22002291a 4500 | ||
|---|---|---|---|
| 001 | MAT.inmabb005756 | ||
| 008 | 711124s1965####njua##########000#0#eng## | ||
| 005 | 20170824120329.0 | ||
| 245 | 1 | 0 | |a Calculus and analytic geometry / |c [by] Robert C. Fisher [and] Allen D. Ziebur. |
| 250 | |a 2nd ed. | ||
| 260 | |a Englewood Cliffs, N.J. : |b Prentice-Hall, |c [1965] | ||
| 300 | |a xiii, 768 p. : |b il. (part col.) ; |c 24 cm. | ||
| 490 | 0 | |a Prentice-Hall mathematics series | |
| 510 | 4 | |a MR, |c *REVIEW #* | |
| 100 | 1 | |a Fisher, Robert Charles, |d 1926- | |
| 700 | 1 | |a Ziebur, Allen D. | |
| 650 | 0 | |a Calculus. | |
| 650 | 0 | |a Geometry, Analytic. | |
| 084 | |a 51-XX |a 26-XX |2 msc2000 | ||
| 010 | |a 65012338 | ||
| 040 | |a DLC |c DLC |d DLC | ||
| 859 | |h 51 |i F533-2 |p A-2983 |b BIB. MATEMATICA | ||
